| 000 | 00361nam a2200145 a 4500 | ||
|---|---|---|---|
| 001 | 3773 | ||
| 003 | CDMR | ||
| 005 | 20130304173002.0 | ||
| 008 | 130130s2001||||||||||||||||||||||||||||d | ||
| 040 |
_aCDMR _bcat _cCDMR |
||
| 245 | 0 | 0 | _aWorld Press Photo 2001 |
| 260 |
_aLa Haya _c2001 _bSdu Publishers |
||
| 710 |
_93022 _aWorld Press Photo Fundation |
||
| 942 |
_cMON _2udc |
||
| 999 |
_c3773 _d3773 |
||